Statistics for British Counties Bordering on the Bristol Channel

Click here to take the quiz!

General Stats

  • This quiz has been taken 6 times
  • The average score is 6 of 9

Answer Stats

County% Correct
Bristol
100%
Devon
100%
Gloucestershire
100%
Somerset
100%
Gwent
60%
Dyfed
40%
Mid Glamorgan
40%
South Glamorgan
40%
West Glamorgan
40%

Score Distribution

Percentile by Number Answered

Percent of People with Each Score

Your Score History

You have not taken this quiz